000 00571nam a22001577a 4500
003 OSt
005 20260415015322.0
008 260415b |||||||| |||| 00| 0 eng d
040 _aDWC-Main lib.
_cOC
082 _aFil. 343.0927 R426
245 _aR.A. 9136 Electrical Power Industry Reform Act of 2001 :
_bWholesale Electricity Spot Market (WESM) Rules/
260 _aManila, Philippines :
_bDepartment of Energy,
_cc2001.
300 _aix, 192 p. :
_c21 cm.
650 _a1. Laws - Philippines. I. Philippine Department of Energy.
942 _2ddc
_cBK - FIL
_hFil.
_n0
999 _c9433
_d9433